Undang-undang gangguan seksual di Malaysia / (Record no. 219)
[ view plain ]
| 000 -LEADER | |
|---|---|
| fixed length control field | nam a22 a 4500 |
| 003 - CONTROL NUMBER IDENTIFIER | |
| control field | AKMAL |
| 005 - DATE AND TIME OF LATEST TRANSACTION | |
| control field | 20170427085501.0 |
| 008 - FIXED-LENGTH DATA ELEMENTS--GENERAL INFORMATION | |
| fixed length control field | 170427s2005 my | e l 000 0 may d |
| 020 ## - INTERNATIONAL STANDARD BOOK NUMBER | |
| International Standard Book Number | 9833376533 (kkt.) |
| Canceled/invalid ISBN | 9831926862 (kkt.) : |
| Terms of availability | RM21.00 |
| 040 ## - CATALOGING SOURCE | |
| Original cataloging agency | AKMAL |
| 082 04 - DEWEY DECIMAL CLASSIFICATION NUMBER | |
| Classification number | 345.5950253 AHM |
| Edition number | 22 |
| 090 20 - LOCALLY ASSIGNED LC-TYPE CALL NUMBER (OCLC); LOCAL CALL NUMBER (RLIN) | |
| Classification number (OCLC) (R) ; Classification number, CALL (RLIN) (NR) | 345.5950253 |
| Local cutter number (OCLC) ; Book number/undivided call number, CALL (RLIN) | AHM |
| 100 0# - MAIN ENTRY--PERSONAL NAME | |
| Personal name | Ahmad Shamsul Abd Aziz |
| 9 (RLIN) | 495 |
| 245 10 - TITLE STATEMENT | |
| Title | Undang-undang gangguan seksual di Malaysia / |
| Statement of responsibility, etc. | Ahmad Shamsul Abd Aziz |
| 260 ## - PUBLICATION, DISTRIBUTION, ETC. | |
| Place of publication, distribution, etc. | Bentong, Pahang : |
| Name of publisher, distributor, etc. | PTS Publications & Distributors, |
| Date of publication, distribution, etc. | 2005 |
| 300 ## - PHYSICAL DESCRIPTION | |
| Extent | viii, 208ms. ; |
| Dimensions | 22cm. |
| 504 ## - BIBLIOGRAPHY, ETC. NOTE | |
| Bibliography, etc. note | Bibliografi: ms. 203-208 |
| 520 ## - SUMMARY, ETC. | |
| Summary, etc. | "Mereka yang tahu undang-undang gangguan seksual dapat bertindak dengan betul apabila menjadi mangsanya" |
| 650 10 - SUBJECT ADDED ENTRY--TOPICAL TERM | |
| Topical term or geographic name entry element | Sexual harassment |
| General subdivision | Law and legislation |
| Geographic subdivision | Malaysia |
| 9 (RLIN) | 496 |
| 650 20 - SUBJECT ADDED ENTRY--TOPICAL TERM | |
| Topical term or geographic name entry element | Sexual ethics |
| General subdivision | Law and legislations |
| Geographic subdivision | Malaysia |
| 9 (RLIN) | 497 |
| 942 ## - ADDED ENTRY ELEMENTS (KOHA) | |
| Source of classification or shelving scheme | |
| Koha item type | Book |
| Withdrawn status | Lost status | Source of classification or shelving scheme | Damaged status | Not for loan | Collection code | Home library | Current library | Shelving location | Date acquired | Inventory number | Total Checkouts | Full call number | Barcode | Date last seen | Price effective from | Koha item type | Total Renewals | Date last checked out |
|---|---|---|---|---|---|---|---|---|---|---|---|---|---|---|---|---|---|---|
| NON-FICTION | AKMAL Melaka | AKMAL Melaka | PINJAMAN | 27.04.2017 | 305577 | 345.5950253 AHM | 201700537 | 27.04.2017 | 27.04.2017 | Book | ||||||||
| NON-FICTION | AKMAL Melaka | AKMAL Melaka | PINJAMAN | 27.04.2017 | 305576 | 2 | 345.5950253 AHM | 201700536 | 22.06.2017 | 27.04.2017 | Book | 2 | 09.06.2017 |
